000 01139cam a22003257a 4500
003 CHAP
005 20220329142749.0
008 030625d2000 mx bd r 00110 spa d
010 _a87440
011 _a88412
020 _a9706283005
035 _a98957
040 _cCHAP
082 0 4 _a312
_bC63 1990-2010
110 2 _aMéxico. Consejo Nacional de Población
_976888
245 1 0 _aEscenarios demográficos y urbanos de la zona metropolitana de la ciudad de México, 1990-2010:
_bsíntesis
_c/por CONAPO
260 _aMéxico, D. F. :
_bConsejo Nacional de Población,
_c2000
300 _a172 p. :
_bgráfs. ; mapas ; cuadros
590 _aBATCH-UPD
_b10
_c20130110
_lUCH01
_h2048
590 _aBATCH-UPD
_b10
_c20130410
_lUCH01
_h1401
590 _aBATCH-UPD
_b10
_c20130914
_lUCH01
_h1141
590 _aCONVERSION
_b10
_c20130109
_lUCH01
_h1348
650 1 4 _aDemografía.
_931742
650 1 4 _aPoblación
_zMéxico (D.F.).
_989427
650 1 4 _aUrbanismo
_zMéxico (Cd.).
_9116850
901 _aBK
905 _aMarco A. Mendoza T.
942 _cLIBRO
949 _a312 C63 1990-2010
_bBC
_cLIBRO
_d33724000895967
_eLIBRO
_h103743
_i98957
_sb
999 _c87440
_d87440